Statistics for Countries With The Most Tattoos

Click here to take the quiz!

General Stats

  • This quiz has been taken 62 times
  • The average score is 17 of 20

Answer Stats

%Country% Correct
33United Kingdom
98%
32Canada
96%
46United States
96%
45Brazil
94%
35France
94%
49Italy
94%
29Russia
94%
41Spain
94%
48Argentina
92%
37Mexico
92%
37Germany
87%
30Chile
85%
34Colombia
85%
42Australia
81%
48Sweden
81%
39Denmark
75%
33Greece
69%
39Uruguay
65%
28Paraguay
62%
29Turkey
58%

Score Distribution

Percentile by Number Answered

Percent of People with Each Score

Your Score History

You have not taken this quiz